000 00575 a2200181 4500
005 20250602110328.0
010 _aENG-145092
020 _a9788188965922
_c250.00
035 _aEN-128624
037 _bDBAD
082 _a362.1968310092
100 _aSamaddhar, Ranabir
_981502
245 _aKrishna:
_bliving with Alzheimer's/
_cRanabir Samaddhar
260 _aNew Delhi
_bWomen Unlimited
_c2015
270 _aK-36, Hauz Khas Enclave, Ground Floor,
_bNew Delhi
_e110 016
300 _avi, 147p.
_c23cm(pbk )
942 _adpl
_cEN
_2ddc
_h362.1968310092
_mSAM
999 _c211480
_d211480